A review of performance-based contracting (Record no. 114594)

MARC details
000 -LEADER
fixed length control field 01104cad a22002295a 4500
001 - CONTROL NUMBER
control field L157096
008 - FIXED-LENGTH DATA ELEMENTS--GENERAL INFORMATION
fixed length control field 120829s2011 xxk f 000 0 eng d
020 ## - INTERNATIONAL STANDARD BOOK NUMBER
International Standard Book Number 9781842196236
035 ## - SYSTEM CONTROL NUMBER
System control number (Sirsi) u157096
041 0# - LANGUAGE CODE
Language code of text/sound track or separate title eng
110 1# - MAIN ENTRY--CORPORATE NAME
Corporate name or jurisdiction name as entry element Royal Institution of Chartered Surveyors
9 (RLIN) 4900
245 02 - TITLE STATEMENT
Title A review of performance-based contracting
Medium [electronic resource]
260 ## - PUBLICATION, DISTRIBUTION, ETC.
Place of publication, distribution, etc. London
Name of publisher, distributor, etc. RICS
Date of publication, distribution, etc. 2011
490 #0 - SERIES STATEMENT
Series statement RICS Research
520 ## - SUMMARY, ETC.
Summary, etc. Looks at performance-based contracting, a method of contracting which is based on the postconstruction performance of a building or structure rather than the cost of materials and labour that produced it. Payments by the client are therefore spread throughout the contract period (beginning on completion) and not as interim payments during construction.
651 #4 - SUBJECT ADDED ENTRY--GEOGRAPHIC NAME
Geographic name United Kingdom
Chronological subdivision
690 ## - LOCAL SUBJECT ADDED ENTRY--TOPICAL TERM (OCLC, RLIN)
Topical term or geographic name as entry element Commercial property
9 (RLIN) 6227
700 1# - ADDED ENTRY--PERSONAL NAME
Personal name Gruneberg, Stephen
700 1# - ADDED ENTRY--PERSONAL NAME
Personal name Hughes, Will
856 40 - ELECTRONIC LOCATION AND ACCESS
Uniform Resource Identifier <a href="https://www.rics.org/Global/Downloads/Performance_Based_Contracting_100111_dwl_aj.pdf">https://www.rics.org/Global/Downloads/Performance_Based_Contracting_100111_dwl_aj.pdf</a>
Public note View the main report free of charge at www.rics.org
942 ## - ADDED ENTRY ELEMENTS (KOHA)
Suppress in OPAC 0
Holdings
Withdrawn status Lost status Source of classification or shelving scheme Damaged status Not for loan Home library Current library Shelving location Date acquired Total Checkouts Full call number Barcode Date last seen Copy number Price effective from Koha item type
    Dewey Decimal Classification     Virtual Virtual Online 29/08/2012   ONLINE PUBLICATION 157096-2001 06/08/2019 1 06/08/2019 Book